[Event "4. Copenhagen Open Politiken Cup"]
[Site "Brndby"]
[Date "1982.??.??"]
[Round "4"]
[White "Velikov, Petar"]
[Black "Portisch, Ferenc"]
[Result "1/2-1/2"]
[WhiteElo "2470"]
[BlackElo "2410"]
[PlyCount "25"]
[EventDate "1982.??.??"]
[EventType "swiss"]
[EventRounds "10"]
[EventCountry "DEN"]
[SourceDate "2004.01.01"]

1. Nf3 Nf6 2. g3 g6 3. b3 Bg7 4. Bb2 O-O 5. Bg2 d6 6. d4 a5 7. c4 Nbd7 8. O-O
c6 9. Qc2 a4 10. b4 Nb6 11. Nfd2 d5 12. c5 Bf5 13. Qc3 1/2-1/2

[Event "4. Copenhagen Open Politiken Cup"]
[Site "Brndby"]
[Date "1982.??.??"]
[Round "4"]
[White "Welin, Thomas"]
[Black "Zieher, Hartmut"]
[Result "1-0"]
[WhiteElo "2330"]
[BlackElo "2260"]
[PlyCount "67"]
[EventDate "1982.??.??"]
[EventType "swiss"]
[EventRounds "10"]
[EventCountry "DEN"]
[SourceDate "2004.01.01"]

1. c4 c5 2. Nf3 Nc6 3. Nc3 g6 4. e3 Bg7 5. d4 Nf6 6. d5 Nb8 7. e4 d6 8. Be2 O-O
9. O-O Na6 10. h3 Nc7 11. Bf4 a6 12. a4 Rb8 13. e5 Nfe8 14. Re1 Bd7 15. a5 b5
16. axb6 Rxb6 17. Ra2 Qb8 18. Qd2 Rb4 19. Bf1 Qb6 20. Bh6 e6 21. Bxg7 Kxg7 22.
Ne4 exd5 23. Nf6 Nxf6 24. exf6+ Kxf6 25. Qh6 Re8 26. Raa1 Rxe1 27. Rxe1 Be6 28.
Qf8 dxc4 29. g4 Nd5 30. g5+ Kf5 31. Qh6 Qb7 32. Nh4+ Kf4 33. Nxg6+ Kf5 34. Nh4+
1-0

[Event "4. Copenhagen Open Politiken Cup"]
[Site "Brndby"]
[Date "1982.??.??"]
[Round "4"]
[White "Westerinen, Heikki"]
[Black "Gulbrandsen, Arne Vinje"]
[Result "1/2-1/2"]
[WhiteElo "2440"]
[BlackElo "2370"]
[PlyCount "94"]
[EventDate "1982.??.??"]
[EventType "swiss"]
[EventRounds "10"]
[EventCountry "DEN"]
[SourceDate "2004.01.01"]

1. e4 e6 2. d4 d5 3. Nd2 c5 4. Ngf3 cxd4 5. exd5 Qxd5 6. Bc4 Qd6 7. O-O Nf6 8.
Nb3 Nc6 9. Nbxd4 Nxd4 10. Nxd4 a6 11. c3 Qc7 12. Be2 e5 13. Nc2 Be7 14. Bg5 O-O
15. Ne3 Be6 16. Re1 Rfe8 17. Bf3 Rad8 18. Qc2 Nd5 19. Bxe7 Nxe7 20. Bg4 Bxg4
21. Nxg4 Nc6 22. Re2 h5 23. Ne3 g6 24. Rae1 Kg7 25. Nf1 f5 26. f3 b5 27. Ng3
Qf7 28. a3 Rd6 29. Nh1 Red8 30. Nf2 Qd7 31. Kf1 Rf8 32. Nh3 Rd8 33. Nf2 Qe7 34.
a4 b4 35. cxb4 Qb7 36. Qc3 Kh7 37. Nh3 Kh6 38. Qc1+ Kg7 39. Qc3 Qxb4 40. Qxb4
Nxb4 41. Rxe5 Nd3 42. Re7+ Kf6 43. R1e2 Rb8 44. f4 Rxb2 45. Rxb2 Kxe7 46. Rb7+
Ke6 47. a5 Kd5 1/2-1/2

[Event "4. Copenhagen Open Politiken Cup"]
[Site "Brndby"]
[Date "1982.??.??"]
[Round "5"]
[White "Boehm, Jurgen"]
[Black "Jacobsen, Bo"]
[Result "1/2-1/2"]
[WhiteElo "2250"]
[BlackElo "2315"]
[PlyCount "53"]
[EventDate "1982.??.??"]
[EventType "swiss"]
[EventRounds "10"]
[EventCountry "DEN"]
[SourceDate "2004.01.01"]

1. d4 Nf6 2. Nf3 g6 3. Nc3 d5 4. Bf4 Bg7 5. e3 O-O 6. Be2 c6 7. Ne5 Nbd7 8. O-O
Nb6 9. Bf3 Bf5 10. Re1 Re8 11. Ne2 Be4 12. Ng3 Bxf3 13. Qxf3 Nc8 14. b3 Nd6 15.
h3 h6 16. Nf1 Kh7 17. c4 Kg8 18. Bh2 Qa5 19. Qe2 Rad8 20. Nd2 Nd7 21. Ndf3 Nf8
22. Qc2 Ne4 23. Rac1 Ne6 24. Red1 Qa3 25. Nd2 Nxd2 26. Rxd2 Qa5 27. Rd3 1/2-1/2

[Event "4. Copenhagen Open Politiken Cup"]
[Site "Brndby"]
[Date "1982.??.??"]
[Round "5"]
[White "Carlsson, Gerner"]
[Black "Jahr, Ulrich"]
[Result "0-1"]
[WhiteElo "2210"]
[BlackElo "2240"]
[PlyCount "85"]
[EventDate "1982.??.??"]
[EventType "swiss"]
[EventRounds "10"]
[EventCountry "DEN"]
[SourceDate "2004.01.01"]

1. d4 f5 2. g3 Nf6 3. Bg2 g6 4. Nf3 Bg7 5. c4 O-O 6. O-O d6 7. Nc3 c6 8. d5 e5
9. dxe6 Bxe6 10. Qd3 Nbd7 11. Bf4 Nb6 12. b3 Ne4 13. Nd4 Nxc3 14. Nxe6 Qe7 15.
Bd2 Qxe6 16. Bxc3 Bxc3 17. Qxc3 d5 18. cxd5 Nxd5 19. Qc4 Rad8 20. Rad1 Nc7 21.
Qb4 Qc8 22. e3 Ne6 23. h4 Rf7 24. Rd6 Rxd6 25. Qxd6 Nf8 26. h5 a6 27. h6 Qe6
28. Qc5 Nd7 29. Qb4 Nf6 30. Rd1 Rd7 31. Rxd7 Qxd7 32. Bf1 b5 33. Qf4 Kf7 34. a4
Ne4 35. Qe5 Qd2 36. Qf4 Kf6 37. g4 Qd6 38. g5+ Ke6 39. Qh4 Qd1 40. axb5 axb5
41. b4 Nd2 42. Qh3 c5 43. Qg2 0-1

[Event "4. Copenhagen Open Politiken Cup"]
[Site "Brndby"]
[Date "1982.??.??"]
[Round "5"]
[White "Cox, John J"]
[Black "Moe, Mogens"]
[Result "1-0"]
[WhiteElo "2285"]
[BlackElo "2365"]
[PlyCount "71"]
[EventDate "1982.??.??"]
[EventType "swiss"]
[EventRounds "10"]
[EventCountry "DEN"]
[SourceDate "2004.01.01"]

1. e4 c5 2. Nf3 Nc6 3. d4 cxd4 4. Nxd4 g6 5. c4 Bg7 6. Be3 d6 7. Nc3 Nh6 8. Be2
O-O 9. Qd2 Ng4 10. Bxg4 Bxg4 11. O-O Qa5 12. Rac1 Rfc8 13. b3 a6 14. f3 Bd7 15.
Rfd1 Rab8 16. Nd5 Qd8 17. a4 Nxd4 18. Bxd4 b5 19. Bxg7 Kxg7 20. cxb5 axb5 21.
a5 Be6 22. Rxc8 Rxc8 23. Nb6 Rc6 24. Rc1 Qc7 25. Rxc6 Qxc6 26. b4 f5 27. h3
fxe4 28. Qd4+ Kf7 29. Qxe4 Qc1+ 30. Kh2 Qa3 31. Nd5 Qa2 32. Nc3 Qd2 33. a6 d5
34. Qe5 d4 35. Ne4 Qa2 36. Ng5+ 1-0

[Event "4. Copenhagen Open Politiken Cup"]
[Site "Brndby"]
[Date "1982.??.??"]
[Round "5"]
[White "Cramling, Pia"]
[Black "Brinck Claussen, Bjorn"]
[Result "1/2-1/2"]
[WhiteElo "2260"]
[BlackElo "2380"]
[PlyCount "56"]
[EventDate "1982.??.??"]
[EventType "swiss"]
[EventRounds "10"]
[EventCountry "DEN"]
[SourceDate "2004.01.01"]

1. e4 d5 2. exd5 Qxd5 3. Nc3 Qa5 4. d4 Nf6 5. Nf3 c6 6. Ne5 Bf5 7. g4 Be6 8.
Bd2 Nbd7 9. Nc4 Qc7 10. Ne3 Nb6 11. g5 Nfd5 12. Nexd5 Nxd5 13. Ne4 Nb6 14. Qf3
Qd7 15. Nc5 Bd5 16. Qg3 Qf5 17. Bd3 Qf3 18. Rg1 Qxg3 19. Rxg3 O-O-O 20. O-O-O
e5 21. Be3 Bxc5 22. dxc5 Nc4 23. Bxc4 Bxc4 24. Rxd8+ Kxd8 25. Bd2 Kd7 26. b3
Bd5 27. c4 Bh1 28. Bc3 Ke6 1/2-1/2

[Event "4. Copenhagen Open Politiken Cup"]
[Site "Brndby"]
[Date "1982.??.??"]
[Round "5"]
[White "Cummings, David H"]
[Black "Horvath, Tamas"]
[Result "1-0"]
[WhiteElo "2305"]
[BlackElo "2400"]
[PlyCount "109"]
[EventDate "1982.??.??"]
[EventType "swiss"]
[EventRounds "10"]
[EventCountry "DEN"]
[SourceDate "2004.01.01"]

1. Nf3 c5 2. c4 Nf6 3. g3 e6 4. Bg2 Nc6 5. O-O Be7 6. d4 cxd4 7. Nxd4 O-O 8.
Nc3 a6 9. b3 Qb6 10. Nxc6 dxc6 11. Na4 Qc7 12. c5 Bd7 13. Bb2 Rfe8 14. e4 e5
15. Qc2 Nh5 16. Qc3 Bf8 17. Nb6 Rad8 18. Nc4 Bxc5 19. Nxe5 Bf8 20. Nxd7 Rxd7
21. e5 Red8 22. Qc4 g6 23. e6 Rd2 24. Bc3 R2d3 25. Bh3 Nf4 26. gxf4 Rxh3 27.
Rad1 Rxd1 28. Rxd1 Qe7 29. Rd7 Qxe6 30. Qxe6 fxe6 31. Be5 b5 32. Kg2 Rh5 33.
Ra7 g5 34. Rxa6 gxf4 35. Bxf4 Rf5 36. Be3 c5 37. Rxe6 c4 38. Rb6 Rd5 39. bxc4
bxc4 40. Rc6 Ra5 41. Rxc4 Rxa2 42. Rc7 Ra6 43. f4 Bg7 44. Kf3 Rh6 45. Rc2 Re6
46. h4 Rh6 47. Bf2 Re6 48. Rc7 Bf6 49. Kg4 Re7 50. Rc6 Kf7 51. Kf5 Bg7 52. Bc5
Rd7 53. Bd6 Bf6 54. h5 Ra7 55. Bc5 1-0

[Event "4. Copenhagen Open Politiken Cup"]
[Site "Brndby"]
[Date "1982.??.??"]
[Round "5"]
[White "Ermenkov, Evgeny"]
[Black "Fries Nielsen, Jens Ove"]
[Result "1-0"]
[WhiteElo "2460"]
[BlackElo "2355"]
[PlyCount "65"]
[EventDate "1982.??.??"]
[EventType "swiss"]
[EventRounds "10"]
[EventCountry "DEN"]
[SourceDate "2004.01.01"]

1. e4 g6 2. d4 Bg7 3. Nf3 d6 4. h3 Nf6 5. Nc3 O-O 6. Be3 a6 7. a4 b6 8. g3 Bb7
9. Nd2 c5 10. dxc5 bxc5 11. Bg2 Nc6 12. O-O Rb8 13. Nd5 Na5 14. Rb1 Nxd5 15.
exd5 Qd7 16. b3 e6 17. c4 exd5 18. cxd5 Bc8 19. Ne4 Rb4 20. Bd2 Nb7 21. Bxb4
cxb4 22. Rc1 h6 23. Rc6 f5 24. Nd2 Na5 25. Nc4 Nxc4 26. Rxc4 Bc3 27. a5 Qd8 28.
Rc6 Qf6 29. Qf3 Bd7 30. Rb6 Bb5 31. Rd1 Bd4 32. Rb7 Rc8 33. Qf4 1-0

[Event "4. Copenhagen Open Politiken Cup"]
[Site "Brndby"]
[Date "1982.??.??"]
[Round "5"]
[White "Fedder, Steen"]
[Black "Hjartarson, Johann"]
[Result "1/2-1/2"]
[WhiteElo "2420"]
[BlackElo "2425"]
[PlyCount "46"]
[EventDate "1982.??.??"]
[EventType "swiss"]
[EventRounds "10"]
[EventCountry "DEN"]
[SourceDate "2004.01.01"]

1. d4 d5 2. c4 c6 3. Nc3 Nf6 4. e3 g6 5. Nf3 Bg7 6. Be2 O-O 7. O-O Bg4 8. cxd5
cxd5 9. Qb3 b6 10. h3 Bxf3 11. Bxf3 e6 12. Bd2 Nc6 13. Be2 a6 14. Rac1 Qd6 15.
Na4 b5 16. Nc5 e5 17. dxe5 Nxe5 18. Nd3 Nxd3 19. Bxd3 Rfc8 20. Bb4 Qe6 21. Bc3
Ne4 22. Bxg7 Kxg7 23. Qb4 Qf6 1/2-1/2

[Event "4. Copenhagen Open Politiken Cup"]
[Site "Brndby"]
[Date "1982.??.??"]
[Round "5"]
[White "Gallmeyer, Peter"]
[Black "Gulbrandsen, Arne Vinje"]
[Result "0-1"]
[WhiteElo "2225"]
[BlackElo "2370"]
[PlyCount "78"]
[EventDate "1982.??.??"]
[EventType "swiss"]
[EventRounds "10"]
[EventCountry "DEN"]
[SourceDate "2004.01.01"]

1. d4 d5 2. c4 e6 3. Nc3 Nf6 4. Nf3 Be7 5. Bf4 O-O 6. e3 Nbd7 7. cxd5 exd5 8.
Bd3 c6 9. Qc2 Re8 10. h3 Nf8 11. O-O-O Be6 12. Ng5 Rc8 13. Be5 h6 14. Nxe6 Nxe6
15. g4 Bb4 16. Bf5 Nd7 17. h4 f6 18. Bf4 c5 19. g5 cxd4 20. Rxd4 Nxd4 21. exd4
hxg5 22. hxg5 fxg5 23. Bh7+ Kf8 24. Bg6 Kg8 25. Bxe8 Nf8 26. Re1 Bxc3 27. bxc3
gxf4 28. Qf5 Rxc3+ 29. Kb2 Rc7 30. Ba4 Rf7 31. Qe5 Ng6 32. Qh5 Qb6+ 33. Bb3
Qxd4+ 34. Kb1 Qd3+ 35. Bc2 Qb5+ 36. Bb3 Qd3+ 37. Bc2 Qb5+ 38. Bb3 Ne7 39. Rxe7
Rxe7 0-1

[Event "4. Copenhagen Open Politiken Cup"]
[Site "Brndby"]
[Date "1982.??.??"]
[Round "5"]
[White "Hansen, Curt"]
[Black "Schneider, Lars Ake"]
[Result "1-0"]
[WhiteElo "2335"]
[BlackElo "2435"]
[PlyCount "111"]
[EventDate "1982.??.??"]
[EventType "swiss"]
[EventRounds "10"]
[EventCountry "DEN"]
[SourceDate "2004.01.01"]

1. d4 Nf6 2. Nf3 e6 3. Bg5 c5 4. e3 Be7 5. Bd3 h6 6. Bh4 Nc6 7. c3 b6 8. O-O
Bb7 9. Nbd2 cxd4 10. exd4 Nd5 11. Nc4 O-O 12. Bg3 f5 13. Nd6 f4 14. Nxb7 Qb8
15. Bh4 Qxb7 16. c4 Ndb4 17. Bxe7 Nxe7 18. Bb1 Rac8 19. a3 Nbc6 20. Qd3 Nf5 21.
d5 Nce7 22. Ba2 exd5 23. cxd5 Nd6 24. Rae1 Nef5 25. g4 fxg3 26. fxg3 h5 27. Bb1
Rf6 28. Nh4 Rcf8 29. h3 g6 30. Ng2 b5 31. Kh2 Qb6 32. Rf4 Nc4 33. Re2 Qd6 34.
Ref2 Kg7 35. Kg1 Ne5 36. Qb3 Nd4 37. Qd1 Rxf4 38. Nxf4 Qc5 39. b4 Qc3 40. Kg2
Nc4 41. Kh2 Qe3 42. Kg2 Rf6 43. Bd3 Ne5 44. Qd2 Qxd2 45. Rxd2 Nef3 46. Rd1 Ra6
47. Bxb5 Rxa3 48. Bc4 Rc3 49. Bd3 Ra3 50. Kf2 Ne5 51. Bxg6 Ra2+ 52. Ke3 Nb5 53.
Bd3 Ra3 54. Nxh5+ Kh6 55. Nf4 Nc3 56. Rc1 1-0

[Event "4. Copenhagen Open Politiken Cup"]
[Site "Brndby"]
[Date "1982.??.??"]
[Round "5"]
[White "Hartung Nielsen, Jens"]
[Black "Ernst, Thomas"]
[Result "1-0"]
[WhiteElo "2240"]
[BlackElo "2355"]
[PlyCount "81"]
[EventDate "1982.??.??"]
[EventType "swiss"]
[EventRounds "10"]
[EventCountry "DEN"]
[SourceDate "2004.01.01"]

1. d4 Nf6 2. Nf3 c5 3. d5 b5 4. Bg5 Qb6 5. Qd3 Ba6 6. e4 b4 7. Qe3 Bxf1 8. Kxf1
d6 9. Nbd2 Nbd7 10. Nc4 Qa6 11. Qd3 g6 12. g3 Bg7 13. Kg2 O-O 14. Rhe1 Nb6 15.
Nfd2 h6 16. Bxf6 Bxf6 17. f4 Bg7 18. a3 Qb7 19. Na5 Qc7 20. Ndc4 Rfe8 21. Re2
Na4 22. axb4 Nxb2 23. Nxb2 Bxb2 24. Rb1 cxb4 25. Nc6 Bc3 26. Nxb4 Bxb4 27. Rxb4
Rec8 28. c4 a5 29. Ra4 Qd7 30. Rea2 Rc5 31. e5 Kh7 32. h4 h5 33. Qe3 Rac8 34.
f5 dxe5 35. fxg6+ fxg6 36. Qxe5 Rxc4 37. Rxc4 Rxc4 38. Rf2 Kg8 39. Qg5 Rg4 40.
Qe5 a4 41. Qb8+ 1-0

[Event "4. Copenhagen Open Politiken Cup"]
[Site "Brndby"]
[Date "1982.??.??"]
[Round "5"]
[White "Heinbuch, Detlef"]
[Black "Rind, Bruce"]
[Result "1/2-1/2"]
[WhiteElo "2300"]
[BlackElo "2390"]
[PlyCount "35"]
[EventDate "1982.??.??"]
[EventType "swiss"]
[EventRounds "10"]
[EventCountry "DEN"]
[SourceDate "2004.01.01"]

1. c4 c5 2. Nc3 Nf6 3. g3 e6 4. Nf3 b6 5. Bg2 Bb7 6. O-O a6 7. d4 cxd4 8. Qxd4
d6 9. Rd1 Nbd7 10. b3 Be7 11. e4 O-O 12. Ba3 Nc5 13. e5 dxe5 14. Qxd8 Rfxd8 15.
Nxe5 Bxg2 16. Kxg2 Rdc8 17. Na4 Rab8 18. Bxc5 1/2-1/2

[Event "4. Copenhagen Open Politiken Cup"]
[Site "Brndby"]
[Date "1982.??.??"]
[Round "5"]
[White "Hoi, Carsten"]
[Black "Hazai, Laszlo"]
[Result "0-1"]
[WhiteElo "2425"]
[BlackElo "2450"]
[PlyCount "70"]
[EventDate "1982.??.??"]
[EventType "swiss"]
[EventRounds "10"]
[EventCountry "DEN"]
[SourceDate "2004.01.01"]

1. d4 Nf6 2. c4 g6 3. Nc3 Bg7 4. e4 d6 5. f3 O-O 6. Be3 Nbd7 7. Bd3 c5 8. d5
Ne5 9. Nge2 e6 10. O-O exd5 11. cxd5 a6 12. a4 Rb8 13. a5 b5 14. axb6 Rxb6 15.
Ra2 Nxd3 16. Qxd3 Re8 17. Ng3 Rb4 18. h3 Nd7 19. f4 f5 20. Bf2 fxe4 21. Ncxe4
Nf6 22. Ng5 Rxf4 23. Ne6 Bxe6 24. dxe6 Qc7 25. Rxa6 Rxe6 26. Re1 Rxe1+ 27. Bxe1
Ne8 28. Ne2 Rf8 29. Bg3 Qf7 30. Nc3 Bd4+ 31. Kh2 d5 32. Ra8 Nf6 33. Qa6 Rxa8
34. Qxa8+ Qf8 35. Qc6 Ng4+ 0-1

[Event "4. Copenhagen Open Politiken Cup"]
[Site "Brndby"]
[Date "1982.??.??"]
[Round "5"]
[White "Jensen, Allan Astrup"]
[Black "Sahl, Bjarke"]
[Result "1-0"]
[WhiteElo "2245"]
[BlackElo "2380"]
[PlyCount "78"]
[EventDate "1982.??.??"]
[EventType "swiss"]
[EventRounds "10"]
[EventCountry "DEN"]
[SourceDate "2004.01.01"]

1. e4 c5 2. Nf3 g6 3. d4 cxd4 4. Nxd4 Bg7 5. Be3 Nc6 6. Nc3 Nf6 7. Bc4 O-O 8.
Bb3 a5 9. f3 d5 10. exd5 Nb4 11. Nde2 a4 12. Nxa4 Nfxd5 13. Bd4 Bxd4 14. Qxd4
e5 15. Qd2 Rxa4 16. Bxa4 Qb6 17. a3 Ne3 18. Qxb4 Nxg2+ 19. Kd1 Qe3 20. Qd2 Qxf3
21. Kc1 Ne3 22. Re1 Nf1 23. Qc3 Qf2 24. b4 Bg4 25. Ng3 Qf4+ 26. Kb2 Nd2 27. Bb3
e4 28. Ne2 Qh6 29. h3 Rc8 30. Qf6 Nxb3 31. Rad1 Nd2 32. hxg4 e3 33. Nc3 Qh2 34.
Rh1 Qg2 35. Rdg1 Nc4+ 36. Kb3 Qd2 37. Rxh7 Na5+ 38. bxa5 Rxc3+ 39. Qxc3 Qd5+
1-0

[Event "4. Copenhagen Open Politiken Cup"]
[Site "Brndby"]
[Date "1982.??.??"]
[Round "5"]
[White "Johansen, Darryl Keith"]
[Black "King, Daniel J"]
[Result "1/2-1/2"]
[WhiteElo "2275"]
[BlackElo "2365"]
[PlyCount "138"]
[EventDate "1982.??.??"]
[EventType "swiss"]
[EventRounds "10"]
[EventCountry "DEN"]
[SourceDate "2004.01.01"]

1. e4 c5 2. Nf3 Nc6 3. Nc3 Nf6 4. Bb5 g6 5. e5 Ng4 6. Bxc6 dxc6 7. d3 Bg7 8.
Bf4 Nh6 9. h3 Nf5 10. O-O Nd4 11. Re1 O-O 12. Ne4 b6 13. Nh2 Ne6 14. Bg3 Qd4
15. Nc3 Ba6 16. Nf3 Qd7 17. b3 f5 18. exf6 exf6 19. Qd2 Rae8 20. Rad1 Nd4 21.
Nxd4 cxd4 22. Ne4 Re6 23. f3 Rfe8 24. Bf2 f5 25. Ng3 c5 26. a4 Kf7 27. Rxe6
Rxe6 28. Re1 Rxe1+ 29. Qxe1 Qe7 30. Nf1 Bh6 31. Qxe7+ Kxe7 32. Be1 Ke6 33. Kf2
Kd5 34. Bd2 Bg7 35. Bf4 Bb7 36. Nd2 a6 37. Ke2 b5 38. axb5 axb5 39. Kd1 Bf6 40.
Ke2 h5 41. Bc7 h4 42. Bh2 g5 43. Bc7 Bc8 44. Kf2 Be6 45. Bb8 Be7 46. Bh2 Kc6
47. Be5 Kb6 48. Ke2 Ka5 49. Kd1 Kb4 50. Kc1 g4 51. hxg4 fxg4 52. Kb2 h3 53.
gxh3 gxh3 54. Ne4 Ka5 55. Bc7+ Ka6 56. Kc1 Kb7 57. Bg3 Kc6 58. Kd2 Kd5 59. Bf4
Bf5 60. Kd1 Ke6 61. Ke2 Kd5 62. Kd1 Bf8 63. Ke2 c4 64. bxc4+ bxc4 65. dxc4+
Kxc4 66. Bg3 Kd5 67. c3 dxc3 68. Nxc3+ Kd4 69. Ne4 Bxe4 1/2-1/2

[Event "4. Copenhagen Open Politiken Cup"]
[Site "Brndby"]
[Date "1982.??.??"]
[Round "5"]
[White "Kovacs, Laszlo"]
[Black "Spassov, Liuben"]
[Result "0-1"]
[WhiteElo "2340"]
[BlackElo "2410"]
[PlyCount "88"]
[EventDate "1982.??.??"]
[EventType "swiss"]
[EventRounds "10"]
[EventCountry "DEN"]
[SourceDate "2004.01.01"]

1. d4 Nf6 2. c4 e6 3. Nf3 d5 4. Nc3 c6 5. e3 Nbd7 6. a3 Bd6 7. b3 O-O 8. Bb2
Re8 9. Qc2 Qe7 10. cxd5 exd5 11. Bd3 Nf8 12. Ne2 Ng6 13. h3 Ne4 14. Bxe4 dxe4
15. Nd2 Nh4 16. g3 Nf3+ 17. Nxf3 exf3 18. Nf4 Qg5 19. h4 Qg4 20. O-O-O Bf5 21.
Qc3 h5 22. Rd2 Bh7 23. Qa5 Bxf4 24. gxf4 Qg6 25. f5 Qg2 26. Rhd1 b6 27. Qb4
Bxf5 28. Bc3 Be4 29. d5 Bxd5 30. Kb2 Re4 31. Qd6 Rxh4 32. Qe5 Qg6 33. Rd4 Rxd4
34. Bxd4 f6 35. Qh2 Qf7 36. Rg1 Bxb3 37. Qf4 Rf8 38. Qxf3 c5 39. Bc3 Ba4 40.
Ka1 Bc2 41. Bb2 Bg6 42. e4 Re8 43. e5 fxe5 44. Qg3 Kh7 0-1

[Event "4. Copenhagen Open Politiken Cup"]
[Site "Brndby"]
[Date "1982.??.??"]
[Round "5"]
[White "Kraehenbuehl, Gerhard"]
[Black "Jensen, Vagn"]
[Result "1-0"]
[WhiteElo "2305"]
[BlackElo "2220"]
[PlyCount "67"]
[EventDate "1982.??.??"]
[EventType "swiss"]
[EventRounds "10"]
[EventCountry "DEN"]
[SourceDate "2004.01.01"]

1. c4 f5 2. g3 Nf6 3. Bg2 g6 4. d4 Bg7 5. Nc3 d6 6. d5 Na6 7. Nh3 Nc5 8. Qc2 a5
9. O-O O-O 10. Nf4 Bd7 11. b3 Qe8 12. Bb2 c6 13. Rad1 g5 14. Nh3 h6 15. f4 g4
16. Nf2 Qg6 17. Ba3 Na6 18. e4 Nb4 19. Qd2 Rad8 20. Rfe1 Rfe8 21. Nb1 c5 22.
Bb2 b6 23. a3 Na6 24. Re3 Bc8 25. Nc3 Nc7 26. Rde1 Kf8 27. Nd3 h5 28. e5 Nh7
29. Qe2 Kg8 30. Nb5 Nxb5 31. cxb5 Bd7 32. a4 dxe5 33. Bxe5 Nf6 34. Bc7 1-0

[Event "4. Copenhagen Open Politiken Cup"]
[Site "Brndby"]
[Date "1982.??.??"]
[Round "5"]
[White "Laird, Craig"]
[Black "Taulbut, Shaun M"]
[Result "0-1"]
[WhiteElo "2340"]
[BlackElo "2435"]
[PlyCount "38"]
[EventDate "1982.??.??"]
[EventType "swiss"]
[EventRounds "10"]
[EventCountry "DEN"]
[SourceDate "2004.01.01"]

1. d4 e6 2. Nf3 Nf6 3. g3 d5 4. Bg2 Be7 5. O-O O-O 6. c4 dxc4 7. Qc2 a6 8. Qxc4
b5 9. Qc2 Bb7 10. Bf4 Nc6 11. Rd1 Nb4 12. Qc1 Rc8 13. a3 Nbd5 14. b4 a5 15. Nc3
axb4 16. Nxb5 c5 17. axb4 cxb4 18. Qd2 Qb6 19. Qd3 Nxf4 0-1

[Event "4. Copenhagen Open Politiken Cup"]
[Site "Brndby"]
[Date "1982.??.??"]
[Round "5"]
[White "Pliester, Leon"]
[Black "Iskov, Gert"]
[Result "1-0"]
[WhiteElo "2315"]
[BlackElo "2380"]
[PlyCount "73"]
[EventDate "1982.??.??"]
[EventType "swiss"]
[EventRounds "10"]
[EventCountry "DEN"]
[SourceDate "2004.01.01"]

1. d4 Nf6 2. c4 g6 3. Nc3 Bg7 4. e4 d6 5. f3 O-O 6. Be3 e5 7. d5 c6 8. Qd2 cxd5
9. cxd5 a6 10. Bd3 Nbd7 11. Nge2 Nh5 12. O-O f5 13. exf5 gxf5 14. Bxf5 Rxf5 15.
g4 Rf7 16. gxh5 Nf6 17. h6 Bf8 18. Kh1 Bf5 19. Ng3 Bg6 20. Nce4 Nxe4 21. fxe4
Rxf1+ 22. Rxf1 Rc8 23. Qe2 Qd7 24. Nf5 Qb5 25. Qxb5 axb5 26. Rc1 Ra8 27. Bg5
Ra4 28. Rc8 Kf7 29. Rc7+ Kg8 30. Be7 Bxe7 31. Rxe7 Bxf5 32. exf5 Rxa2 33. Rg7+
Kf8 34. Rxh7 Rxb2 35. Rh8+ Kf7 36. Rb8 Rf2 37. h7 1-0

[Event "4. Copenhagen Open Politiken Cup"]
[Site "Brndby"]
[Date "1982.??.??"]
[Round "5"]
[White "Portisch, Ferenc"]
[Black "Wedberg, Tom"]
[Result "1/2-1/2"]
[WhiteElo "2410"]
[BlackElo "2435"]
[PlyCount "116"]
[EventDate "1982.??.??"]
[EventType "swiss"]
[EventRounds "10"]
[EventCountry "DEN"]
[SourceDate "2004.01.01"]

1. d4 Nf6 2. c4 c5 3. d5 a6 4. a4 e6 5. Nc3 exd5 6. cxd5 d6 7. Nf3 g6 8. e4 Bg7
9. Be2 O-O 10. Nd2 Nbd7 11. O-O Qe7 12. Re1 g5 13. Nc4 Ne8 14. Bg4 Be5 15. Ne2
Ng7 16. Ng3 Re8 17. Nf5 Nxf5 18. Bxf5 Bg7 19. Ra3 h6 20. h4 gxh4 21. Bf4 Ne5
22. Nxe5 dxe5 23. d6 Qf6 24. d7 Bxd7 25. Bxd7 exf4 26. Bxe8 Rxe8 27. Rb3 Qc6
28. Qf3 c4 29. Ra3 Bxb2 30. Ra2 c3 31. Qxf4 Qe6 32. Rxb2 cxb2 33. Rb1 Qxe4 34.
Qxe4 Rxe4 35. Rxb2 Rxa4 36. Rxb7 Rg4 37. Ra7 Rg6 38. Kh2 Rf6 39. Kh3 Kg7 40. f3
Kg6 41. Kg4 h5+ 42. Kxh4 Rf4+ 43. g4 Ra4 44. Kg3 hxg4 45. fxg4 Kf6 46. Ra8 Ra1
47. Kf4 Ra4+ 48. Kg3 Ke6 49. Re8+ Kd7 50. Rf8 Ke7 51. Ra8 f6 52. Ra7+ Kd6 53.
Rf7 Ke6 54. Ra7 f5 55. gxf5+ Kxf5 56. Kf3 Ra3+ 57. Ke2 Ke4 58. Kd2 Kd4 1/2-1/2

[Event "4. Copenhagen Open Politiken Cup"]
[Site "Brndby"]
[Date "1982.??.??"]
[Round "5"]
[White "Sorensen, Bent"]
[Black "Kaiszauri, Konstanty"]
[Result "0-1"]
[WhiteElo "2305"]
[BlackElo "2395"]
[PlyCount "82"]
[EventDate "1982.??.??"]
[EventType "swiss"]
[EventRounds "10"]
[EventCountry "DEN"]
[SourceDate "2004.01.01"]

1. c4 e5 2. Nc3 Nf6 3. g3 Bb4 4. Nf3 e4 5. Nd4 O-O 6. Bg2 Re8 7. O-O Nc6 8. Nc2
Bxc3 9. dxc3 Ne5 10. b3 h6 11. c5 b6 12. cxb6 axb6 13. c4 Bb7 14. Bb2 d6 15.
Qd4 Qd7 16. Ne3 Ra5 17. a4 Nf3+ 18. exf3 exf3 19. Bxf3 Bxf3 20. Qf4 Bc6 21.
Bxf6 Re4 22. Qf3 Qh3 23. Nd5 Rxd5 24. cxd5 Bxd5 25. Qg2 Qe6 26. Rad1 gxf6 27.
f3 Re2 28. Rf2 Re3 29. Rd4 Rxb3 30. Qf1 Re3 31. Kg2 c5 32. Rh4 c4 33. Qb1 Rxf3
34. Rxf3 Qe2+ 35. Kh3 Bxf3 36. Qg1 h5 37. Rf4 Bg4+ 38. Kh4 Qe5 39. Rxg4+ hxg4
40. Kxg4 Qe2+ 41. Kh4 c3 0-1

[Event "4. Copenhagen Open Politiken Cup"]
[Site "Brndby"]
[Date "1982.??.??"]
[Round "5"]
[White "Sorensen, Henrik"]
[Black "Cramling, Dan"]
[Result "1/2-1/2"]
[WhiteElo "2235"]
[BlackElo "2345"]
[PlyCount "39"]
[EventDate "1982.??.??"]
[EventType "swiss"]
[EventRounds "10"]
[EventCountry "DEN"]
[SourceDate "2004.01.01"]

1. d4 g6 2. e4 Bg7 3. c3 d6 4. Bg5 h6 5. Bh4 Nf6 6. Nd2 Nbd7 7. Ngf3 e5 8. dxe5
dxe5 9. Be2 Qe7 10. Qc2 O-O 11. O-O Qe8 12. Rfe1 Nh5 13. Nc4 Nf4 14. Bf1 Nb6
15. Nfd2 Be6 16. Ne3 f6 17. f3 Qf7 18. c4 Nc8 19. Nd5 c5 20. Bf2 1/2-1/2

[Event "4. Copenhagen Open Politiken Cup"]
[Site "Brndby"]
[Date "1982.??.??"]
[Round "5"]
[White "Thorsteins, Karl"]
[Black "Bellin, Robert"]
[Result "1/2-1/2"]
[WhiteElo "2305"]
[BlackElo "2410"]
[PlyCount "72"]
[EventDate "1982.??.??"]
[EventType "swiss"]
[EventRounds "10"]
[EventCountry "DEN"]
[SourceDate "2004.01.01"]

1. d4 f5 2. g3 Nf6 3. Bg2 e6 4. Nf3 Be7 5. O-O O-O 6. c4 c6 7. b3 a5 8. Nc3 d5
9. Bb2 Ne4 10. Ne5 Nd7 11. Nxe4 Nxe5 12. dxe5 fxe4 13. Qc1 Qb6 14. Ba3 Bb4 15.
Bxb4 axb4 16. c5 Qb5 17. Qe3 Ra5 18. Rfc1 b6 19. cxb6 Bd7 20. Rc2 h6 21. Rd1 c5
22. Rdc1 Rc8 23. b7 Qxb7 24. Rxc5 Rcxc5 25. Rxc5 Rxa2 26. Rc1 Bb5 27. Bf1 Qa6
28. Qc5 Bxe2 29. Qe7 Ra1 30. Rxa1 Qxa1 31. Qxe6+ Kf8 32. Qc8+ Ke7 33. Qc7+ Ke6
34. Qd6+ Kf5 35. Qd7+ Kg6 36. Qe6+ Kh7 1/2-1/2